000 01270cam a2200385 a 4500
999 _c5433
_d5433
001 15740038
003 OSt
005 20250918092539.0
008 090515r20082002enka 000 1 eng d
020 _a9780194234306
_qpbk.
035 _a15740038
035 _a(OCoLC)246626264
040 _aNz
_cZ5M
_dDLC
_dKH8
042 _alccopycat
043 _anr-----
082 0 4 _a428.6 BRO
_222
100 1 _aBrooke, Helen,
_eauthor.
245 1 0 _aSurvive! /
_cHelen Brooke ; illustrated by Andy Parker.
260 _aOxford ;
_aNew York :
_bOxford University Press,
_cc2008
300 _a40 p. :
_bcol. ill. ;
_c20 cm.
336 _atext
_btxt
_2rdacontent
337 _aunmediated
_bn
_2rdamedia
338 _avolume
_bnc
_2rdacarrier
490 0 _aOxford bookworms library ; Starter, Human interest
650 0 _aReaders (Adult)
650 0 _aEnglish language
_vTextbooks for foreign speakers.
650 0 _aReading comprehension
_vProblems, exercises, etc.
650 0 _aAircraft accidents
_vFiction.
650 0 _aSurvival
_vFiction.
650 0 _aPlot-your-own stories.
651 0 _aRocky Mountains
_vFiction.
655 7 _aFiction.
_2lcgft
_0https://id.loc.gov/authorities/genreForms/gf2014026339
700 1 _aParker, Andy,
_eillustrator.
942 _2ddc
_cTR